[Event "GER-chT Betriebe 17th"]
[Site "Berlin"]
[Date "2017.11.03"]
[Round "3.2"]
[White "Klotzsche, Thomas"]
[Black "Busse, Wolfgang"]
[Result "1/2-1/2"]
[WhiteElo "1941"]
[BlackElo "1841"]
[PlyCount "40"]
[EventDate "2017.11.02"]
[EventType "team-swiss"]
[EventRounds "7"]
[EventCountry "GER"]
[SourceTitle "EXT 2020"]
[Source "ChessBase"]
[SourceDate "2019.10.17"]
[SourceVersion "1"]
[SourceVersionDate "2019.10.17"]
[SourceQuality "1"]
[WhiteTeam "Berlin Deutsche Bahn/BSW II"]
[BlackTeam "Berlin Vattenfall"]
[WhiteTeamCountry "GER"]
[BlackTeamCountry "GER"]

1. e4 c5 2. Nf3 g6 3. Bc4 Bg7 4. c3 d6 5. 0-0 Nf6 6. Re1 0-0 7. d3 Nc6 8. h3 a6 9. a4 Qc7 10. Nbd2 e6 11. Bb3 Bd7 12. Nf1 b5 13. Bf4 e5 14. Bg5 h6 15. Bh4 Nh5 16. Ne3 Nf4 17. Bg3 Ne7 18. d4 c4 19. Bc2 Be6 20. Qd2 g5 1/2-1/2

[Event "GER-chT Betriebe 17th"]
[Site "Berlin"]
[Date "2017.11.02"]
[Round "1.2"]
[White "Klotzsche, Thomas"]
[Black "Renzelmann, Jannis"]
[Result "1-0"]
[WhiteElo "1941"]
[BlackElo "1641"]
[PlyCount "80"]
[EventDate "2017.11.02"]
[EventType "team-swiss"]
[EventRounds "7"]
[EventCountry "GER"]
[SourceTitle "EXT 2020"]
[Source "ChessBase"]
[SourceDate "2019.10.17"]
[SourceVersion "1"]
[SourceVersionDate "2019.10.17"]
[SourceQuality "1"]
[WhiteTeam "Berlin Deutsche Bahn/BSW II"]
[BlackTeam "Duesseldorf Vodafone II"]
[WhiteTeamCountry "GER"]
[BlackTeamCountry "GER"]

1. e4 e5 2. Nf3 Nc6 3. Bb5 d6 4. c3 Nf6 5. d3 Bd7 6. 0-0 Be7 7. Re1 0-0 8. Nbd2 a6 9. Ba4 b5 10. Bc2 Re8 11. Nf1 Bg4 12. h3 Bxf3 13. Qxf3 Qd7 14. g4 h6 15. Ng3 Nh7 16. Nf5 Bg5 17. h4 Bxc1 18. Raxc1 Ne7 19. d4 Nxf5 20. gxf5 Nf6 21. Rcd1 Qe7 22. Rd2 Nd7 23. Qg3 Qf6 24. f4 exf4 25. Qxf4 Re7 26. Re3 Kh8 27. Rg3 Rg8 28. a4 Ree8 29. Bb3 g5 30. hxg5 Rxg5 31. Rxg5 Qxg5+ 32. Qxg5 hxg5 33. axb5 axb5 34. Bd5 Nf6 35. Bc6 Rb8 36. e5 dxe5 37. dxe5 Rb6 38. Bf3 Ng8 39. Rd7 Nh6 40. Be4 c5 1-0

[Event "GER-chT Betriebe 16th"]
[Site "Dresden"]
[Date "2016.11.03"]
[Round "2.3"]
[White "Klotzsche, Thomas"]
[Black "Ziller, Christian"]
[Result "0-1"]
[WhiteElo "1916"]
[BlackElo "2071"]
[PlyCount "84"]
[EventDate "2016.11.03"]
[EventType "team-swiss"]
[EventRounds "7"]
[EventCountry "GER"]
[SourceTitle "EXT 2020"]
[Source "ChessBase"]
[SourceDate "2019.10.17"]
[SourceVersion "1"]
[SourceVersionDate "2019.10.17"]
[SourceQuality "1"]
[WhiteTeam "Berlin Deutsche Bahn/BSW II"]
[BlackTeam "Hamburg Transit"]
[WhiteTeamCountry "GER"]
[BlackTeamCountry "GER"]

1. d3 e5 2. Nf3 Nc6 3. c4 f5 4. Nc3 Nf6 5. g3 Be7 6. Bg2 d6 7. 0-0 Be6 8. Qa4 Qd7 9. b4 h6 10. b5 Nd8 11. Rd1 g5 12. d4 e4 13. Ne1 d5 14. c5 0-0 15. f4 Nh5 16. e3 Kh7 17. Rb1 Rg8 18. Bf1 Bf7 19. Ng2 Nf6 20. Qb3 Qe8 21. Be2 c6 22. a4 Bh5 23. a5 Bxe2 24. Nxe2 Qh5 25. Kf2 Ng4+ 26. Ke1 Qxh2 27. Kf1 Qh1+ 28. Ng1 Nh2+ 29. Kf2 Ng4+ 30. Kf1 Rc8 31. a6 gxf4 32. exf4 bxa6 33. bxc6 Nh2+ 34. Kf2 Ng4+ 35. Kf1 Nf6 36. Nh4 Nxc6 37. Qe3 Ng4 38. Qb3 Nf6 39. Qe3 Ng4 40. Qb3 Bxh4 41. Qxd5 Nh2+ 42. Ke2 Qg2+ 0-1